• 首页
  • 本馆介绍
  • 公告通知
  • 最新文献
  • 馆藏检索
  • 电子资源
  • 读者导购
  • 参考咨询
  • 我的图书馆
  • 登录
  • 详细信息显示
  • 放入我的书架
  • 预约/预借图书
  • 作者相关作品
  • 分类相关作品
  • 丛书相关作品
  • 出版社相关作品

书目信息

  • 表格格式
  • 工作单格式
  • 卡片格式
题名:
《红楼梦》中的经典美食
    
 
作者: 周小雨 主编
分册:  
出版信息: 哈尔滨   黑龙江科学技术出版社  2017.02
页数: 182页
开本: 21cm
丛书名:
单 册:
中图分类: I207.411 , TS972.182
科图分类:
主题词: 《红楼梦》研究--《hong lou meng 》 yan jiu , 菜谱--cai pu--中国
电子资源:
ISBN: 978-7-5388-9012-9
000 01320nam0 2200289 450
001 CAL 0120162087664
005 20170112112819.7
010    @a978-7-5388-9012-9@b@dCNY36.80
100    @a20170112d2017 em y0chiy50 ea
101 0  @achi
102    @aCN@b230000
105    @aa z 000yy
106    @ar
200 1  @a《红楼梦》中的经典美食@A《hong lou meng 》 zhong de jing dian mei shi@d= Classic cuisines in the novel dream of the red chamber@f周小雨主编@g@zeng
210    @a哈尔滨@c黑龙江科学技术出版社@d2017.02
215    @a182页@c彩图@d21cm
314    @a周小雨, 毕业于北华大学, 美丽雨文化传媒有限公司创始人, 知名媒体人、编剧和制片人, 同时也是一名环游世界的吃货, 多次参加各国美食品鉴大会。
330    @a本书是从《红楼梦》中采择精华, 以南宋大诗, 附带出其中美食及其与之相关的食材, 配以详细图文, 精心编撰的一本小清新食谱, 还原经典美味佳肴。在菜品的选择上, 以《红楼梦》为蓝本, 挑取古今常见的食材, 按操作简单、搭配营养的原则, 使读者烹饪出健康营养的美食。
510 1  @aClassic cuisines in the novel dream of the red chamber@zeng
606 0  @a《红楼梦》研究@A《hong lou meng 》 yan jiu
606 0  @a菜谱@Acai pu@y中国
690    @aI207.411@v5
690    @aTS972.182@v5
701  0 @a周小雨@Azhou xiao yu@4主编
801  0 @aCN@b人天书店@c20170112@g
905    @aBZT@dI207.411@e10
906    @dCNY36.80@n3@r1
    
    《红楼梦》中的经典美食= Classic cuisines in the novel dream of the red chamber/周小雨主编.-哈尔滨:黑龙江科学技术出版社,2017.02
    182页:彩图;21cm
    
    
    ISBN 978-7-5388-9012-9:CNY36.80
    本书是从《红楼梦》中采择精华, 以南宋大诗, 附带出其中美食及其与之相关的食材, 配以详细图文, 精心编撰的一本小清新食谱, 还原经典美味佳肴。在菜品的选择上, 以《红楼梦》为蓝本, 挑取古今常见的食材, 按操作简单、搭配营养的原则, 使读者烹饪出健康营养的美食。
●
相关链接 在五车中查询图书 在当当中查询图书 在豆瓣中查询图书


正题名:《红楼梦》中的经典美食     索取号:I207.411/10         预约/预借

序号 登录号 条形码 馆藏地/架位号 状态 备注
1 834340   2000834340   第一书库/ [索取号:I207.411/10] 在馆    
2 834341   2000834341   第一书库/ [索取号:I207.411/10] 在馆    
3 834342   2000834342   第一书库/ [索取号:I207.411/10] 在馆    
山东省滨州职业学院图书馆 欢迎您!
大连网信软件有限公司© 版权所有